Bramkarze Liverpoolu FC w XXI wieku - Statystyki

Ogólne statystyki
  • Ten quiz został rozwiązany 431 razy
    51 od ostatniego zresetowania
  • Średni wynik to 7 z 19
Statystyki odpowiedzi
Lata gry Narodowość Nazwisko % Poprawnych
2018- Brazylia Alisson
96%
2001-2007 Polska Jerzy Dudek
96%
2005-2013 Hiszpania Pepe Reina
79%
2019- Irlandia Caoimhin Kelleher
77%
2016-2018 Niemcy Loris Karius
77%
2013-2019 Belgia Simon Mignolet
77%
2019-2024 Hiszpania Adrián
57%
2020- Czechy Vítězslav Jaroš
32%
2001-2004 Anglia Chris Kirkland
19%
2014-2018 Walia Danny Ward
19%
2015-2016 Węgry Ádám Bogdán
17%
1999-2001 Holandia Sander Westerveld
15%
2010-2015 Australia Brad Jones
11%
2004 Walia Paul Jones
11%
2005-2006 Anglia Scott Carson
6%
2011-2012 Brazylia Doni
4%
2007 Włochy Daniele Padelli
0%
2003-2004 Francja Patrice Luzi
0%
2000-2003 Francja Pegguy Arphexad
0%
Nie znaleziono quizów pasujących do podanych kryteriów
Rozkład punktacji
Procent ludzi z każdym wynikiem
Percentyl według liczby udzielonych odpowiedzi
Twoja historia wyników
Nie rozwiązałeś tego quizu od ostatniego zresetowania